| 000 | 00643nam a22001937a 4500 | ||
|---|---|---|---|
| 999 |
_c7987 _d7987 |
||
| 003 | AR-CdUCM | ||
| 008 | 190321b ||||| |||| 00| 0 spa d | ||
| 040 |
_aMUNICIPALIDAD PROVINCIAL DEL CUSCO _cBIBLIOTECA MUNICIPAL DEL CUSCO |
||
| 082 |
_a581.07 / _bV63 |
||
| 100 |
_aVidal, Jorge _920980 |
||
| 245 | _aCurso de botánica / | ||
| 260 |
_aLima : _bBruño, |
||
| 300 |
_a548 paginas ; _c20 cm, |
||
| 505 | _aContenido :Célula vegetal -- Histología vegetal -- Semilla y germinación -- La raíz -- Respiración de a planta ... | ||
| 650 |
_aBotánica _92790 |
||
| 650 |
_aCiencias naturales _910176 |
||
| 942 |
_2ddc _cLIBROS |
||
| 945 | _arum | ||